Κατάλογος Βιβλιοθηκών Mediterranean College

Problem solving with C++ : (Record no. 9840)

MARC details
000 -LEADER
fixed length control field 01806nam a22002417a 4500
005 - ΗΜΕΡΟΜΗΝΙΑ ΚΑΙ ΩΡΑ ΤΕΛΕΥΤΑΙΑΣ ΕΝΗΜΕΡΩΣΗΣ
Πεδίο ελέγχου 20250731125853.0
006 - FIXED-LENGTH DATA ELEMENTS--ADDITIONAL MATERIAL CHARACTERISTICS
Πεδίο ελέγχου σταθερού μήκους a|||||r|||||||||||
008 - FIXED-LENGTH DATA ELEMENTS--GENERAL INFORMATION
Πεδίο ελέγχου σταθερού μήκους s2001 a 001 0deng
020 ## - ISBN
ISBN 0201703904
040 ## - ΠΗΓΗ ΚΑΤΑΛΟΓΟΓΡΑΦΗΣΗΣ
Φορέας πρωτότυπης καταλογογράφησης MC Athens Campus Library
Modifying agency MC Athens Campus Library
Γλώσσα καταλογογράφησης Ελληνικά, Μοντέρνα (1453-)
Κανόνες περιγραφικής καταλογογράφησης AACR2
100 1# - MAIN ENTRY--PERSONAL NAME
Personal name Savitch, Walter J.
9 (RLIN) 1579
245 10 - ΤΙΤΛΟΣ ΚΑΙ ΔΗΛΩΣΗ ΥΠΕΥΘΥΝΟΤΗΤΑΣ
Τίτλος Problem solving with C++ :
Remainder of title the object of programming /
Statement of responsibility, etc. Walter Savitch.
250 ## - EDITION STATEMENT
Edition statement 3rd ed.
260 ## - PUBLICATION, DISTRIBUTION, ETC.
Place of publication, distribution, etc. Reading, MA :
Name of publisher, distributor, etc. Addison Wesley Longman,
Date of publication, distribution, etc. c2001.
300 ## - PHYSICAL DESCRIPTION
Extent xxv, 974 p. :
Other physical details ill. ;
Διαστάσεις cm.
336 ## - CONTENT TYPE
Content type term text
Content type code txt
Πηγή rdacontent
504 ## - ΣΗΜΕΙΩΣΗ ΒΙΒΛΙΟΓΡΑΦΙΑΣ κλπ.
Σημείωση βιβλιογραφίας, κλπ. Includes bibliographical references (p. 937-940) and index.
520 ## - SUMMARY, ETC.
Summary, etc. Enables readers to efficiently master the fundamentals of C++ and object-oriented programming, while imparting skills that are valuable with virtually any contemporary programming language. Writing in a friendly, highly motivational style, Walter Savitch begins with an overview of programming and problem-solving, then walks through all the fundamentals of C++ development. Coverage includes: variables, assignments, I/O, data types, expressions, flow control, functions, arrays, strings, vectors, pointers, and recursion, along with complete chapters on inheritance, exception handling, and templates. From start to finish, Savitch presents C++ examples in the context of complete, executable programs that are available for download. This edition fully embraces the latest ANSI/ISO standards, features an all-new chapter on the STL, and includes expanded coverage of namespaces. Improvements also include: access to Addison-Wesley's exclusive online CodeMate program competency builder; an all-new, full-color design, and many new exercises.
650 #0 - SUBJECT ADDED ENTRY--TOPICAL TERM
Topical term or geographic name entry element C (Computer program language)
9 (RLIN) 9886
650 #0 - SUBJECT ADDED ENTRY--TOPICAL TERM
Topical term or geographic name entry element Computing
9 (RLIN) 9851
942 ## - ADDED ENTRY ELEMENTS (KOHA)
Koha item type Books
Holdings
Τύπος τεκμηρίου Βιβλιοθήκη Τρέχουσα τοποθεσία Barcode Αριθμός εισαγωγής Ημερομηνία απόκτησης Ταξιθετικό σύμβολο Αριθμός αντιτύπου Κατάσταση απόσυρσης Κατάσταση χαμένου Κατάσταση κατεστραμμένου Μη δανεισμός Σύνολο δανεισμών Ημερομηνία τελευταίας εμφάνισης Η τιμή ισχύει από
Books MC Athens Campus Library MC Athens Campus Library 9780000098122 8019 31/07/2025 005.133 SAV 1           31/07/2025 31/07/2025

MC Athens Campus Library
Πατησίων 94 & Κοδριγκτώνος 13, 104 34
Πελλήνης 8 & Πατησίων 107, 112 51
Τ: +30 210 8899600

MC Thessaloniki Campus Library
Ίωνος Δραγούμη 21, 54625 | Ίωνος Δραγούμη 15, 54625
Τ: +30 2310 287779 – Τ: +30 2314 440300